| 000 | 00760nam a2200253Ia 4500 | ||
|---|---|---|---|
| 001 | Z_4795 | ||
| 003 | CHAP | ||
| 008 | 220113s1984 xx 000 0 und d | ||
| 010 | _a167848 | ||
| 040 | _cCHAP | ||
| 090 | _aTesis M 275 | ||
| 100 |
_aMendoza Martínez, Germán David _974686 |
||
| 245 |
_aUso de la harina de yuca (Manihot esculenta) en la alimentación de ganado lechero / _cpor Germán David Mendoza Martínez |
||
| 260 |
_aChapingo, Méx. : _bEl autor, _c1984 |
||
| 300 | _a129 h. | ||
| 502 | _aTesis (Maestro en Ciencias Especialista en Ganaderia) -- Colegio de Postgraduados | ||
| 650 |
_aYuca en alimentación animal _9140803 |
||
| 901 | _aTESIS M 275 | ||
| 902 | _aM | ||
| 910 | _a1984 | ||
| 942 | _c2 | ||
| 942 | _c2 | ||
| 999 |
_c167848 _d167848 |
||